[Event "Botvinnik 100th Open"]
[Site "St Petersburg RUS"]
[Date "2011.08.13"]
[Round "2"]
[White "Martynenko, Alexey"]
[Black "Semenova, Irina"]
[Result "0-1"]
[BlackTitle "WGM"]
[WhiteElo "2015"]
[BlackElo "2241"]
[WhiteFideId "24102059"]
[BlackFideId "4118367"]
[EventDate "2011.08.12"]

1. e4 e5 2. Nf3 Nc6 3. Bb5 a6 4. Ba4 d6 5. O-O Bd7 6. Re1 g6 7. c3 Bg7 8. d4
Nge7 9. dxe5 dxe5 10. Nbd2 O-O 11. Nf1 h6 12. Be3 b6 13. Qd2 Kh7 14. Rad1 Bg4
15. Qe2 Qc8 16. h3 Be6 17. Bb3 Na5 18. Bxe6 Qxe6 19. b3 Nb7 20. Bc1 a5 21. Ne3
Rfe8 22. Ba3 Qc6 23. Qc4 Qxc4 24. Nxc4 Rad8 25. Rxd8 Nxd8 26. Ncxe5 Ng8 27. Nd3
Bxc3 28. Rc1 Bg7 29. Rxc7 Rxe4 30. Rd7 Re8 31. Ra7 Re2 32. Rd7 Rxa2 33. Bc1 Ne6
34. Rxf7 Kh8 35. Nfe5 g5 36. f4 gxf4 37. Bxf4 Nxf4 38. Nxf4 Ra1+ 39. Kf2 Nf6 40.
Nfg6+ Kh7 41. Nf4 Ne4+ 42. Ke3 Re1+ 43. Kd3 Nf2+ 44. Kd4 Re4+ 0-1

[Event "Botvinnik 100th Open"]
[Site "St Petersburg RUS"]
[Date "2011.08.13"]
[Round "2"]
[White "Tarasov, Ilya"]
[Black "Zimin, Alexey"]
[Result "0-1"]
[WhiteElo "2006"]
[BlackElo "2235"]
[WhiteFideId "24157945"]
[BlackFideId "4168925"]
[EventDate "2011.08.12"]

1. d4 d5 2. c4 e6 3. Nc3 c5 4. e3 Nf6 5. Nf3 a6 6. a3 Nc6 7. Bd3 dxc4 8. Bxc4 b5
9. Bb3 Bb7 10. O-O cxd4 11. exd4 Be7 12. Be3 O-O 13. Ne5 Rc8 14. Rc1 b4 15. Nxc6
Bxc6 16. axb4 Bxb4 17. Qe2 a5 18. Rfd1 Qd7 19. f3 h6 20. Qd2 Nd5 21. Bxh6 Bxc3
22. bxc3 gxh6 23. Qxh6 Rfe8 24. c4 Ne7 25. d5 exd5 26. cxd5 Ba4 27. Bxa4 Qxa4
28. d6 Rxc1 29. Qxc1 Ng6 30. Qa1 Qb5 31. Qd4 a4 32. Qd3 Qd7 33. Kf2 Nf4 34. Qd4
Re2+ 35. Kf1 Qb5 0-1

[Event "Botvinnik 100th Open"]
[Site "St Petersburg RUS"]
[Date "2011.08.13"]
[Round "2"]
[White "Nikitinyh, Boris"]
[Black "Dushin, Nikolay"]
[Result "1-0"]
[WhiteElo "2234"]
[BlackElo "2010"]
[WhiteFideId "4198328"]
[BlackFideId "4114612"]
[EventDate "2011.08.12"]

1. e4 c6 2. d4 d5 3. Nc3 dxe4 4. Nxe4 Nd7 5. Nf3 Ngf6 6. Bd3 Nxe4 7. Bxe4 Nf6 8.
Bd3 Bg4 9. Be3 e6 10. h3 Bh5 11. O-O Bd6 12. Re1 O-O 13. c3 Rc8 14. Bf1 Nd5 15.
Bd2 c5 16. c4 Ne7 17. g4 Bg6 18. dxc5 Bxc5 19. b4 Bb6 20. Bf4 Nc6 21. Bd6 Re8
22. a3 Qf6 23. Ra2 Bc7 24. Bxc7 Rxc7 25. Rd2 h5 26. Bg2 hxg4 27. hxg4 Qf4 28. b5
Na5 29. Rd4 Qf6 30. Ne5 Qe7 31. Nxg6 fxg6 32. Rxe6 Qxe6 33. Bd5 Kh7 34. Bxe6
Rxe6 35. Qd3 Rce7 36. c5 1-0

[Event "Botvinnik 100th Open"]
[Site "St Petersburg RUS"]
[Date "2011.08.13"]
[Round "2"]
[White "Latonin, Mikhail"]
[Black "Gopkin, Nikolaj"]
[Result "0-1"]
[WhiteElo "1968"]
[BlackElo "2221"]
[WhiteFideId "24138550"]
[BlackFideId "4134869"]
[EventDate "2011.08.12"]

1. d4 Nf6 2. c4 g6 3. Nc3 Bg7 4. e4 d6 5. Nf3 Bg4 6. Be2 O-O 7. Be3 Nbd7 8. Ng1
Bxe2 9. Ngxe2 e5 10. O-O Ng4 11. Bc1 exd4 12. Nxd4 Nge5 13. b3 Nc5 14. Be3 Re8
15. Rb1 Nc6 16. f3 Ne6 17. Nxc6 bxc6 18. Qd2 Qf6 19. Rbc1 c5 20. Nd5 Qd8 21. Qa5
Qd7 22. Rfe1 c6 23. Nf4 Nd4 24. Ne2 f5 25. Bxd4 cxd4 26. exf5 Bh6 27. Nxd4 Bxc1
28. Rxc1 c5 29. Nb5 Qxf5 30. Nxd6 Qf4 31. Rd1 Qe3+ 32. Kh1 Rad8 33. h3 Rxd6 34.
Rxd6 Qc1+ 35. Kh2 Qf4+ 0-1

[Event "Botvinnik 100th Open"]
[Site "St Petersburg RUS"]
[Date "2011.08.13"]
[Round "2"]
[White "Lupik, Marina"]
[Black "Tugarin, Anton"]
[Result "1/2-1/2"]
[WhiteTitle "WIM"]
[WhiteElo "2212"]
[BlackElo "1976"]
[WhiteFideId "4177495"]
[BlackFideId "24151246"]
[EventDate "2011.08.12"]

1. e4 e6 2. d4 d5 3. Nc3 Bb4 4. e5 b6 5. Bd2 Bf8 6. f4 Nh6 7. Be3 Ba6 8. Bxa6
Nxa6 9. Qe2 Nb8 10. O-O-O Qd7 11. g4 Nc6 12. h3 O-O-O 13. Nf3 Kb7 14. Rhf1 Bb4
15. Nb1 Na5 16. Nfd2 Rhe8 17. Qd3 f5 18. exf6 gxf6 19. f5 Ng8 20. fxe6 Rxe6 21.
a3 Bf8 22. Bf4 Rde8 23. Nc3 Ka8 24. Qa6 c6 25. Na4 Qb7 26. Qd3 Bd6 27. Qf5 Bxf4
28. Qxf4 Qe7 29. Nc3 Nb7 30. Nf3 Nd6 31. Rfe1 Qd7 32. Rxe6 Rxe6 33. Nh4 Kb7 34.
Nf5 Nxf5 35. Qxf5 Qe7 36. a4 Nh6 37. Qh5 Qg7 38. Rf1 Kc7 39. b4 Qg6 40. Qxg6
hxg6 41. Kd2 f5 42. g5 Nf7 43. h4 Nd6 44. Re1 Nc4+ 45. Kd1 Nb2+ 46. Kd2 Nc4+ 1/2-1/2

[Event "Botvinnik 100th Open"]
[Site "St Petersburg RUS"]
[Date "2011.08.13"]
[Round "2"]
[White "Zheleznaykov, Peter"]
[Black "Vunder, Yakov"]
[Result "1/2-1/2"]
[WhiteElo "1962"]
[BlackElo "2212"]
[WhiteFideId "24104620"]
[BlackFideId "4161955"]
[EventDate "2011.08.12"]

1. d4 d5 2. c4 e6 3. Nc3 Be7 4. Nf3 Nf6 5. Bg5 O-O 6. e3 Nbd7 7. Rc1 dxc4 8.
Bxc4 a6 9. O-O c5 10. dxc5 Nxc5 11. b4 Ncd7 12. a3 b5 13. Be2 Bb7 14. Qd4 h6 15.
Bh4 Nb6 16. Rfd1 Qxd4 17. Nxd4 Rfc8 18. Nb3 Nc4 19. Bxc4 Rxc4 20. Na5 Rxh4 21.
Nxb7 Rc4 22. Na5 Rc7 23. Ne2 Rac8 24. Rxc7 Rxc7 25. Rc1 Rxc1+ 26. Nxc1 Nd5 27.
Nd3 Nc3 28. Nc6 Bd6 29. Nd4 Kf8 30. h3 Ke8 31. Kf1 Kd7 32. Ke1 Kc7 33. Nc2 Kb6
34. Kd2 Ne4+ 35. Ke2 Nc3+ 36. Kd2 Ne4+ 37. Ke2 Nc3+ 38. Kd2 Ne4+ 1/2-1/2

[Event "Botvinnik 100th Open"]
[Site "St Petersburg RUS"]
[Date "2011.08.13"]
[Round "2"]
[White "Sanzhaev, Darsen"]
[Black "Novoselov, Igor"]
[Result "1-0"]
[WhiteElo "2211"]
[BlackElo "1964"]
[WhiteFideId "24120030"]
[BlackFideId "24193950"]
[EventDate "2011.08.12"]

1. d4 Nf6 2. c4 e6 3. Nf3 Bb4+ 4. Bd2 Bxd2+ 5. Qxd2 d5 6. Nc3 O-O 7. e3 b6 8.
cxd5 exd5 9. Ne5 Bb7 10. Bd3 c5 11. O-O cxd4 12. exd4 Nc6 13. Rad1 Nxe5 14. dxe5
Ne4 15. Bxe4 dxe4 16. Qf4 Qe7 17. Nxe4 Bxe4 18. Qxe4 Rfe8 19. Rd5 Rac8 20. Rfd1
g6 21. h4 h5 22. Qf4 Rcd8 23. Rd6 Rf8 24. R1d5 Rxd6 25. exd6 Qd7 26. Qd4 Re8 27.
Re5 Re6 28. Rxe6 fxe6 29. Qf6 Qxd6 30. Qxg6+ Kf8 31. Qxh5 Qd4 32. Qf3+ Ke7 33.
Qa3+ Ke8 34. Qe3 Qd1+ 35. Kh2 Qg4 36. Qg3 Qa4 37. h5 Qxa2 38. Qg8+ Ke7 39. Qg7+
Kd6 40. h6 Qc4 41. h7 1-0

[Event "Botvinnik 100th Open"]
[Site "St Petersburg RUS"]
[Date "2011.08.13"]
[Round "2"]
[White "Filippov, Anton RUS"]
[Black "Palachev, Petr"]
[Result "0-1"]
[WhiteElo "1944"]
[BlackElo "2207"]
[WhiteFideId "24104639"]
[BlackFideId "24129003"]
[EventDate "2011.08.12"]

1. d4 d5 2. c4 e6 3. Nf3 Nf6 4. Nc3 c6 5. g3 dxc4 6. Bg2 b5 7. Ne5 Nd5 8. O-O
Bb7 9. a4 a6 10. e4 Nxc3 11. bxc3 Nd7 12. f4 Be7 13. Nxd7 Qxd7 14. Qg4 O-O 15.
f5 exf5 16. exf5 Kh8 17. Qh5 c5 18. d5 Bf6 19. Bg5 Bxg5 20. Qxg5 f6 21. Qe3 Qd6
22. Rfe1 Rad8 23. axb5 axb5 24. Rab1 b4 25. cxb4 cxb4 26. Qd4 Rc8 27. Rec1 Qc5
28. Qxc5 Rxc5 29. Rxb4 Bxd5 30. Bxd5 Rxd5 31. g4 h5 32. h3 Rd3 33. Kg2 Re8 34.
Rbxc4 Re2+ 35. Kf1 Rh2 36. gxh5 Rf3+ 37. Kg1 Rhxh3 38. Kg2 Rhg3+ 39. Kh2 Rh3+
40. Kg2 Rfg3+ 41. Kf2 Rg5 42. Rf4 Rhxh5 43. Rc5 Kh7 44. Ke3 Kh6 45. Ke4 g6 46.
Rb5 Rg1 47. Ra5 Re1+ 48. Kd4 g5 49. Rf2 g4 50. Ra8 g3 51. Rg2 Rh4+ 52. Kd3 Rg4
53. Kd2 Rb1 54. Ke2 Rb3 55. Ra1 Re4+ 56. Kd2 Kg5 57. Rag1 Kg4 58. Kc2 Reb4 59.
Kd2 Rb2+ 60. Ke3 R4b3+ 61. Ke4 Rxg2 62. Rxg2 Kh3 63. Rg1 Kh2 64. Rc1 g2 0-1

[Event "Botvinnik 100th Open"]
[Site "St Petersburg RUS"]
[Date "2011.08.13"]
[Round "2"]
[White "Bulavin, Alexander"]
[Black "Safronov, Kirill"]
[Result "1-0"]
[WhiteElo "2196"]
[BlackElo "1942"]
[WhiteFideId "4178033"]
[BlackFideId "24141976"]
[EventDate "2011.08.12"]

1. Nf3 Nf6 2. b3 d6 3. d4 g6 4. Bb2 Bg7 5. g3 O-O 6. Bg2 Nbd7 7. O-O Rb8 8. Na3
c5 9. Nb5 a6 10. Na7 Qb6 11. Nxc8 Rfxc8 12. c4 Qd8 13. Rb1 b5 14. cxb5 axb5 15.
dxc5 Nxc5 16. Nd4 Qd7 17. Nc2 Nce4 18. Bxe4 Nxe4 19. Bxg7 Kxg7 20. Qd4+ Nf6 21.
Nb4 Kg8 22. Rbc1 Qb7 23. f3 Nd7 24. Nd5 Nc5 25. e4 Ne6 26. Qe3 Kg7 27. f4 f6 28.
g4 Nc5 29. g5 fxg5 30. Qd4+ Kg8 31. f5 Rf8 32. b4 e5 33. Qe3 Nxe4 34. Qxe4 gxf5
35. Qg2 Rf7 36. Kh1 h6 37. Rc6 Qd7 1-0

[Event "Botvinnik 100th Open"]
[Site "St Petersburg RUS"]
[Date "2011.08.13"]
[Round "2"]
[White "Kharchenko, Daniil"]
[Black "Pogosian, Vladimir"]
[Result "1-0"]
[WhiteElo "1938"]
[BlackElo "2189"]
[WhiteFideId "24101664"]
[BlackFideId "13301586"]
[EventDate "2011.08.12"]

1. e4 d6 2. c3 Nf6 3. f4 Nc6 4. d3 e5 5. Nf3 Bg4 6. Be2 Be7 7. O-O O-O 8. Na3
Re8 9. Nc2 Bf8 10. Ne3 Bc8 11. Nd5 exf4 12. Nxf4 d5 13. exd5 Nxd5 14. d4 Ne3 15.
Bxe3 Rxe3 16. Bc4 Na5 17. Bd3 Bg4 18. Qd2 Re8 19. Ne5 Rxe5 20. dxe5 Bc5+ 21. Kh1
Nc4 22. Qc1 Ne3 23. Re1 Nf5 24. Bxf5 Bxf5 25. e6 Bd6 26. exf7+ Kxf7 27. Qe3 Qg5
28. Rf1 Kg8 29. Qf3 Kh8 30. Nh3 Bxh3 31. Qxh3 Qd2 32. Rab1 a5 33. Qh4 Qd5 34. c4
Qc5 35. Rbd1 Re8 36. b3 Qa3 37. Qf2 h6 38. Qd2 Qc5 39. Qd5 Qe3 40. Qh5 Re5 41.
Qf3 Qg5 42. Qxb7 Re2 43. Qc8+ Kh7 44. Qf5+ Qxf5 45. Rxf5 Rxa2 46. c5 Be7 47. g3
Rc2 48. Rf7 Bf6 49. Rxc7 Kg6 50. c6 Kg5 51. Ra7 Rxc6 52. Rxa5+ Kg4 53. Rf1 g5
54. Kg2 1-0

[Event "Botvinnik 100th Open"]
[Site "St Petersburg RUS"]
[Date "2011.08.13"]
[Round "2"]
[White "Bezulenko, Evgeny"]
[Black "Lagashin, Pavel"]
[Result "1-0"]
[WhiteElo "1928"]
[BlackElo "2178"]
[WhiteFideId "24105996"]
[BlackFideId "24132144"]
[EventDate "2011.08.12"]

1. f4 Nf6 2. Nf3 d6 3. d4 Bg4 4. e3 Nc6 5. Bb5 e6 6. c4 a6 7. Ba4 Be7 8. h3 Bxf3
9. Qxf3 d5 10. Nc3 O-O 11. O-O Nb4 12. cxd5 exd5 13. Rd1 a5 14. a3 Na6 15. Bb3
c6 16. e4 dxe4 17. Nxe4 Nxe4 18. Qxe4 Bf6 19. Bc2 g6 20. f5 Qb6 21. fxg6 hxg6
22. Bh6 Rfd8 23. Kh1 Rxd4 24. Qf3 Rxd1+ 25. Rxd1 Qxb2 26. Rf1 Kh7 27. Bc1 Qxc2
28. Qxf6 Rg8 29. Bb2 Qe2 30. Qxf7+ Kh6 31. Bc1+ g5 32. Rf6+ 1-0

[Event "Botvinnik 100th Open"]
[Site "St Petersburg RUS"]
[Date "2011.08.13"]
[Round "2"]
[White "Pen, Pyotr"]
[Black "Novikov, Mikhael Ivanovich"]
[Result "1-0"]
[WhiteElo "2175"]
[BlackElo "1926"]
[WhiteFideId "24129950"]
[BlackFideId "24128708"]
[EventDate "2011.08.12"]

1. e4 e5 2. Nf3 Nf6 3. d4 Nxe4 4. dxe5 Nc5 5. Nc3 Nc6 6. Be3 Ne6 7. Bd3 Be7 8.
Qe2 O-O 9. O-O-O Bg5 10. Nxg5 Nxg5 11. Qh5 h6 12. h4 Ne6 13. Rh3 f6 14. exf6
Rxf6 15. Nd5 Rf7 16. Bh7+ Kf8 17. Bg6 Re7 18. Bxh6 gxh6 19. Qxh6+ Kg8 20. Nf6# 1-0

[Event "Botvinnik 100th Open"]
[Site "St Petersburg RUS"]
[Date "2011.08.13"]
[Round "2"]
[White "Butuc, Maria"]
[Black "Zakharov, Yuri"]
[Result "0-1"]
[WhiteTitle "WIM"]
[WhiteElo "2172"]
[BlackElo "1878"]
[WhiteFideId "13902911"]
[BlackFideId "4166620"]
[EventDate "2011.08.12"]

1. Nf3 Nf6 2. c4 g6 3. Nc3 Bg7 4. d4 d6 5. g3 O-O 6. Bg2 Nbd7 7. O-O c6 8. e4 e5
9. h3 Re8 10. Re1 exd4 11. Nxd4 Nc5 12. Qc2 a5 13. Bf4 Nh5 14. Be3 a4 15. Rad1
Qa5 16. Qd2 Qb4 17. a3 Qb6 18. Nde2 Bf8 19. g4 Ng7 20. Nd4 Nge6 21. f4 Nxd4 22.
Bxd4 Be6 23. Bf1 Qa6 24. Bxc5 dxc5 25. Qe2 Bg7 26. e5 f6 27. Ne4 fxe5 28. fxe5
Bf7 29. Nxc5 Qb6 30. Qf2 Rxe5 31. Rxe5 Bxe5 32. Rd7 Rf8 33. Rxb7 Qd8 34. Nd7 Bg7
35. Kh2 Re8 36. Qa7 Qg5 37. Qf2 Be6 38. Bg2 Qe7 39. Nc5 Qd6+ 40. Kh1 Bd4 41. Qh4
Bg7 42. Ne4 Qd1+ 43. Kh2 Be5+ 44. Ng3 Bf7 45. Rxf7 Kxf7 46. Qxh7+ Bg7 47. Ne4
Qd8 48. c5 Re6 49. g5 Qd4 50. Ng3 Qf4 0-1

[Event "Botvinnik 100th Open"]
[Site "St Petersburg RUS"]
[Date "2011.08.13"]
[Round "2"]
[White "Fedoseeva, Valentina"]
[Black "Bivol, Alina"]
[Result "1-0"]
[BlackTitle "WFM"]
[WhiteElo "1885"]
[BlackElo "2171"]
[WhiteFideId "4169875"]
[BlackFideId "4100123"]
[EventDate "2011.08.12"]

1. e4 e6 2. d3 d5 3. Nd2 c5 4. g3 g6 5. Bg2 Bg7 6. Qe2 Nf6 7. Ngf3 Nc6 8. O-O
O-O 9. Re1 b6 10. Nf1 h6 11. h4 dxe4 12. dxe4 e5 13. c3 a5 14. b3 a4 15. Bb2 a3
16. Rad1 Qe8 17. Bc1 Bb7 18. N1d2 Ba6 19. c4 Bc8 20. Nb1 Bg4 21. Rd3 Nd4 22. Qd2
Bxf3 23. Bxf3 Rd8 24. Bg2 Nxb3 25. Rxd8 Qxd8 26. axb3 Qxd2 27. Bxd2 Rd8 28. Be3
Ra8 29. Nc3 Rd8 30. Bf1 Ng4 31. Bc1 Ra8 32. Na4 a2 33. Bb2 Rd8 34. Bc3 f5 35.
exf5 e4 36. Ra1 Bd4 37. Rxa2 gxf5 38. Bxd4 cxd4 39. Nxb6 Kg7 40. Nd5 d3 41. Rd2
Ne5 42. Bg2 Rb8 43. Ne3 Kf6 44. g4 fxg4 45. Bxe4 Rxb3 46. Kg2 Ke6 47. Bf5+ Kf6
48. Bxg4 1-0

[Event "Botvinnik 100th Open"]
[Site "St Petersburg RUS"]
[Date "2011.08.13"]
[Round "2"]
[White "Balaian, Alina"]
[Black "Fokin, Anatoly"]
[Result "1-0"]
[WhiteElo "2163"]
[BlackElo "1855"]
[WhiteFideId "24115347"]
[BlackFideId "24124451"]
[EventDate "2011.08.12"]

1. e4 e5 2. d4 exd4 3. Qxd4 Nc6 4. Qe3 d6 5. Nc3 g6 6. f4 Bg7 7. Nf3 Nf6 8. Bd2
O-O 9. O-O-O a6 10. h3 Re8 11. Be1 Qe7 12. Bh4 Qf8 13. g4 Be6 14. Ng5 d5 15.
Nxe6 fxe6 16. exd5 exd5 17. Qf3 d4 18. Bc4+ Kh8 19. Bxf6 Qxf6 20. Ne4 Qf8 21.
Ng5 Bf6 22. Ne6 Qd6 23. g5 Na5 24. Bd5 c6 25. gxf6 cxd5 26. Nxd4 Re4 27. Ne2
Qxf6 28. Rxd5 Rae8 29. Qc3 Kg7 30. Qxf6+ Kxf6 31. Nc3 Nc4 32. Nxe4+ Rxe4 33. Rd7
b5 34. Rxh7 Rxf4 35. Ra7 Kf5 36. Rf7+ Ke4 37. Re1+ 1-0

[Event "Botvinnik 100th Open"]
[Site "St Petersburg RUS"]
[Date "2011.08.13"]
[Round "2"]
[White "Chuprova, Irina"]
[Black "Burkov, German A."]
[Result "1-0"]
[WhiteElo "1866"]
[BlackElo "2162"]
[WhiteFideId "24138584"]
[BlackFideId "24132560"]
[EventDate "2011.08.12"]

1. e4 c5 2. Nf3 d6 3. d4 cxd4 4. Nxd4 Nf6 5. Nc3 g6 6. Be3 Bg7 7. f3 a6 8. Qd2
Nc6 9. O-O-O Bd7 10. Bh6 Bxh6 11. Qxh6 Nxd4 12. Rxd4 Qa5 13. Bc4 Rc8 14. Rhd1
Be6 15. Nd5 Bxd5 16. exd5 b5 17. Bb3 Rg8 18. f4 Qc7 19. Kb1 Qd7 20. h3 Kd8 21.
g4 Qe8 22. c4 Qf8 23. Qh4 Qg7 24. Qe1 Nd7 25. Qa5+ Rc7 26. cxb5 axb5 27. Qxb5
Nc5 28. Ba4 g5 29. Qb8+ Rc8 30. Qb6+ Rc7 31. Bc6 gxf4 32. b4 Qg6+ 33. Kb2 Qf6
34. bxc5 dxc5 35. Qxc5 Rg5 36. Qc3 Qd6 37. Rb4 e5 38. dxe6 Qxd1 39. Rd4+ Qxd4
40. Qxd4+ Ke7 41. Qxf4 Rxc6 42. Qxg5+ 1-0

[Event "Botvinnik 100th Open"]
[Site "St Petersburg RUS"]
[Date "2011.08.13"]
[Round "2"]
[White "Kaganov, Dmitry"]
[Black "Babaev, David"]
[Result "1/2-1/2"]
[WhiteElo "2160"]
[BlackElo "1846"]
[WhiteFideId "4112482"]
[BlackFideId "4161408"]
[EventDate "2011.08.12"]

1. d4 e6 2. c4 f5 3. g4 fxg4 4. h3 g3 5. fxg3 Nf6 6. e4 Nxe4 7. Qh5+ g6 8. Qe5
Nf6 9. Bg5 Bg7 10. Nc3 O-O 11. Qe3 d6 12. O-O-O Qe8 13. g4 Nc6 14. Nge2 e5 15.
d5 Nd8 16. Kb1 Nf7 17. Bh4 Bd7 18. Bg2 b5 19. Rhf1 Nd8 20. c5 b4 21. Ne4 Nxe4
22. Bxe4 Rxf1 23. Rxf1 Bb5 24. Rc1 Nb7 25. cxd6 cxd6 26. Ng3 Qd7 27. Ne2 Qe8 28.
Ng3 Qd7 29. Ne2 Qe8 30. Ng3 1/2-1/2

[Event "Botvinnik 100th Open"]
[Site "St Petersburg RUS"]
[Date "2011.08.13"]
[Round "2"]
[White "Khatenever, Feliks"]
[Black "Elkin, Leonid"]
[Result "1/2-1/2"]
[WhiteElo "1849"]
[BlackElo "2159"]
[WhiteFideId "4131800"]
[BlackFideId "13501240"]
[EventDate "2011.08.12"]

1. d4 Nf6 2. Nf3 g6 3. g3 Bg7 4. Bg2 O-O 5. O-O d6 6. c4 Nc6 7. Nc3 a6 8. e4 Bg4
9. h3 Bxf3 10. Bxf3 Nd7 11. Be3 e5 12. d5 Nd4 13. Bg2 c5 14. dxc6 bxc6 15. b3
Nc5 16. Rc1 a5 17. f4 Qe7 18. Qd2 Rfb8 19. f5 a4 20. b4 Rxb4 21. fxg6 hxg6 22.
Bxd4 exd4 23. Ne2 Rab8 24. Nxd4 Qe8 25. Rc2 Nxe4 26. Bxe4 Qxe4 27. Nf3 Rb1 28.
Qe2 Rxf1+ 29. Kxf1 Rb1+ 30. Kg2 Qxe2+ 31. Rxe2 Kf8 32. Ne1 Rc1 33. Nc2 Be5 34.
h4 f5 35. Rd2 Kf7 36. Re2 Kf6 37. Rd2 Rb1 38. Nd4 Bxd4 39. Rxd4 Rb2+ 40. Kf3 Ke5
41. Rd3 Rxa2 42. Re3+ Kf6 43. Rd3 Ke6 44. Re3+ Kd7 45. Kf4 Rc2 46. Kg5 Rxc4 47.
Kxg6 f4 48. gxf4 Rxf4 49. h5 Rg4+ 50. Kf7 Rh4 51. Re7+ Kd8 52. Re8+ Kc7 53. Kg6
Kb6 54. h6 Kb5 55. h7 a3 56. h8=Q Rxh8 57. Rxh8 Kb4 58. Kf5 a2 59. Ra8 Kb3 60.
Rb8+ Kc2 1/2-1/2

[Event "Botvinnik 100th Open"]
[Site "St Petersburg RUS"]
[Date "2011.08.13"]
[Round "2"]
[White "Kostyuchenko, Vladimir"]
[Black "Antipova, Anastasia"]
[Result "1-0"]
[WhiteElo "2144"]
[BlackElo "1794"]
[WhiteFideId "4126084"]
[BlackFideId "24178705"]
[EventDate "2011.08.12"]

1. d4 Nf6 2. c4 g6 3. Nc3 d5 4. Bf4 Bg7 5. e3 c5 6. dxc5 Qa5 7. Qa4+ Qxa4 8.
Nxa4 Ne4 9. f3 Bd7 10. fxe4 Bxa4 11. cxd5 Bxb2 12. Rb1 Bc3+ 13. Kf2 Nd7 14. Bb5
Bxb5 15. Rxb5 O-O 16. Ne2 Bf6 17. Rc1 Rac8 18. c6 bxc6 19. Rxc6 h5 20. Bc7 Bg7
21. Nd4 e6 22. Bd6 Rfe8 23. Rxc8 Rxc8 24. Nc6 Bf8 25. Bxf8 Kxf8 26. Kf3 Rc7 27.
Ra5 Nb6 28. Rxa7 Rxa7 29. Nxa7 exd5 30. Nc6 Ke8 31. exd5 Nxd5 32. a4 Kd7 33.
Ne5+ Ke6 34. Nc4 Nc3 35. a5 Kd5 36. a6 Nb5 37. Na3 Na7 38. Kf4 Kc6 39. Ke5 Kb6
40. Kf6 Nc6 41. Nc4+ Kxa6 42. Ne5 Nb4 43. e4 Nc2 44. Nxf7 Ne3 45. e5 Nxg2 46. e6
Nf4 47. e7 Nd5+ 48. Ke6 Nxe7 49. Kxe7 1-0

[Event "Botvinnik 100th Open"]
[Site "St Petersburg RUS"]
[Date "2011.08.13"]
[Round "2"]
[White "Menkov, Aleksandr"]
[Black "Tantsov, Peter"]
[Result "1-0"]
[WhiteElo "2143"]
[BlackElo "1777"]
[WhiteFideId "24160326"]
[BlackFideId "24149489"]
[EventDate "2011.08.12"]

1. e4 e6 2. d4 d5 3. e5 c5 4. c3 Nc6 5. Nf3 Bd7 6. Be2 Qb6 7. dxc5 Bxc5 8. O-O
Qc7 9. b4 Bb6 10. c4 Nxb4 11. a3 Nc6 12. cxd5 Nxe5 13. Bb2 Nxf3+ 14. Bxf3 Nf6
15. d6 Qd8 16. Bxb7 Rb8 17. Qf3 Bc5 18. Be5 Qb6 19. Bxf6 Rxb7 20. Bxg7 Rg8 21.
Qf6 Bxd6 22. Nd2 Bxh2+ 23. Kxh2 Qd6+ 24. Qe5 Qxd2 25. Rab1 Rxb1 26. Rxb1 Qxf2
27. Rb8+ Ke7 28. Bf6+ Qxf6 29. Qc5# 1-0

[Event "Botvinnik 100th Open"]
[Site "St Petersburg RUS"]
[Date "2011.08.13"]
[Round "2"]
[White "Stetsko, Lanita"]
[Black "Uyanik, Mehmet"]
[Result "1-0"]
[WhiteTitle "FM"]
[WhiteElo "2135"]
[BlackElo "1719"]
[WhiteFideId "13505300"]
[BlackFideId "6363164"]
[EventDate "2011.08.12"]

1. e4 c5 2. Nf3 d6 3. d4 cxd4 4. Nxd4 Nf6 5. Nc3 a6 6. Be3 Ng4 7. Bg5 h6 8. Bh4
Qb6 9. Be2 Ne5 10. Nd5 Qd8 11. f4 Ng6 12. Bg3 e6 13. Ne3 Be7 14. Bh5 Nc6 15.
Nxc6 bxc6 16. Bxg6 fxg6 17. Qg4 O-O 18. Qxg6 Rf6 19. Qh5 Rb8 20. Ng4 Rf7 21. O-O
Bf6 22. e5 Be7 23. Qg6 Kf8 24. f5 exf5 25. e6 Bxe6 26. Qxe6 Bf6 27. Qxd6+ Qxd6
28. Bxd6+ Kg8 29. Nxf6+ 1-0

[Event "Botvinnik 100th Open"]
[Site "St Petersburg RUS"]
[Date "2011.08.13"]
[Round "2"]
[White "Dzhavathanov, Magomed"]
[Black "Vager, Boris"]
[Result "0-1"]
[BlackTitle "FM"]
[WhiteElo "1794"]
[BlackElo "2127"]
[WhiteFideId "24106020"]
[BlackFideId "4118537"]
[EventDate "2011.08.12"]

1. e4 c5 2. Nf3 e6 3. d3 d5 4. Nbd2 Nc6 5. g3 Nf6 6. Bg2 Be7 7. O-O O-O 8. e5
Nd7 9. Re1 Qc7 10. Qe2 b5 11. Nf1 Ba6 12. h4 Rac8 13. Bf4 c4 14. d4 b4 15. Ne3
Qa5 16. Bf1 Ndb8 17. Qd1 c3 18. b3 Bxf1 19. Kxf1 Na6 20. Ng4 Nc7 21. Ng5 Bxg5
22. Bxg5 Ne8 23. Re3 Qc7 24. a3 a5 25. axb4 axb4 26. Ra4 Rb8 27. Rd3 Rb7 28. Ne3
Ra7 29. Rxa7 Qxa7 30. Qg4 Kh8 31. h5 Qd7 32. h6 f5 33. hxg7+ Qxg7 34. Qh4 Rg8
35. Bf4 Qe7 36. Qh5 Rg6 37. Ng2 Ng7 38. Qd1 Ne8 39. Be3 Rg8 40. Qh5 Ng7 41. Qe2
Ra8 42. Rd1 Qa7 43. Nf4 Qa6 44. Nd3 Kg8 45. Kg2 Nd8 46. Rh1 Nf7 47. Qd1 Qb7 48.
Nc5 Qe7 49. Rh4 Ra2 50. Qb1 Qa7 51. Na4 Ra3 52. Bc1 Rxa4 53. bxa4 Qxa4 54. Rh1
Nd8 55. Bh6 Nc6 56. Qd1 Qa7 57. Rh4 Qb7 58. Bg5 Ne7 59. Rh6 Ng6 60. Qh1 Nf8 61.
Bf6 Qa7 62. Qh4 Ng6 63. Qh3 Nf8 64. Bxg7 Qxg7 65. Rf6 b3 66. cxb3 c2 67. Qh1 Qg5
68. f4 Qg4 69. Rxf8+ Kxf8 70. Qh6+ Qg7 71. Qh1 Qc7 72. Qc1 Qc3 73. Qa3+ Ke8 74.
Qa4+ Kd8 75. Qa8+ Qc8 76. Qa5+ Qc7 77. Qa8+ Ke7 78. Qa3+ Kf7 79. Qc1 Qc3 80. Qh1
c1=Q 81. Qxh7+ Ke8 82. Qg8+ Ke7 0-1

[Event "Botvinnik 100th Open"]
[Site "St Petersburg RUS"]
[Date "2011.08.13"]
[Round "2"]
[White "Aseev, Vladimir"]
[Black "Filin, Evgeny"]
[Result "1-0"]
[WhiteElo "2116"]
[BlackElo "1705"]
[WhiteFideId "24121371"]
[BlackFideId "24184764"]
[EventDate "2011.08.12"]

1. d4 Nf6 2. c4 g6 3. Nc3 Bg7 4. e4 d6 5. Nf3 O-O 6. Be2 Nc6 7. d5 Nb8 8. O-O e5
9. Bg5 h6 10. Bh4 g5 11. Bg3 Nh7 12. Nd2 f5 13. exf5 Bxf5 14. f3 Nd7 15. Nde4
Ndf6 16. Bd3 Nh5 17. Bf2 Nf4 18. c5 a6 19. Bb1 Rf7 20. cxd6 cxd6 21. a4 Qd7 22.
Ng3 Bh3 23. Bxh7+ Kxh7 24. gxh3 Raf8 25. Be3 Qxh3 26. Qc2+ Kh8 27. Bxf4 gxf4 28.
Nge4 Rg8 29. Kh1 Bf8 30. Qf2 Be7 31. Rg1 Rfg7 32. Rxg7 Rxg7 33. Rg1 Bh4 34. Qf1
Rxg1+ 35. Kxg1 Qc8 36. Qe2 Qc7 37. Kf1 Qd7 38. Qg2 Bd8 39. Qg4 Qc7 40. Qg6 Qc4+
41. Kg2 1-0